Logo BPK

Biblioteka

Politechniki Koszalińskiej

Gesammelte Werke in vier Bänden. (Rekord nr 50564)

Szczegóły MARC
000 -ETYKIETA REKORDU
podpole kontrolne o stałej długości 00567nam a2200169 i 4500
001 - NUMER KONTROLNY REKORDU
pole kontrolne bgj
040 ## - ŹRÓDŁO KATALOGOWANIA
Instytucja, która utworzyła rekord BPK
041 0# - KOD JĘZYKA
Kod języka tekstu ger
008 - POLE O STAŁEJ DŁUGOŚCI - DANE KONTROLNE
podpole kontrolne o stałej długości s gw f |000 0 ger
100 1# - NAZWA OSOBOWA
Nazwa osobowa BENN, Gottfried
Daty związane z nazwą (1886-1956)
245 10 - TYTUŁ/ODPOWIEDZIALNOŚĆ
Tytuł Gesammelte Werke in vier Bänden.
Oznaczenie części/sekcji dzieła B. 1,
Tytuł części/sekcji dzieła Essays, Reden, Vorträge /
Pozostałe elementy strefy tytułu i oznaczenia odpowiedzialności Gottfried Benn ; Herausgegeben von Dieter Wellershoff.
260 ## - STREFA ADRESU WYDAWNICZEGO
Miejsce wydania Wiesbaden :
Nazwa wydawcy/dystrybutora Limes Verlag,
Data publikacji, dystrybucji/powstania dokumentu c. 1965.
300 ## - STREFA OPISU FIZYCZNEGO
Objętość 645, [3] S. ;
Rozmiary 22 cm.
650 #9 - HASŁO PRZEDMIOTOWE W FORMIE NAZWY OGÓLNEJ LUB JEDNOSTKOWEJ
Nazwa ogólna lub geograficzna Deutsche Literatur
-- Benn, Gottfried, 1886-1956
700 1# - HASŁO DODATKOWE - NAZWA OSOBOWA
Nazwa osobowa WELLERSHOFF, Dieter.
Określenie związku między hasłem a opisywanym materiałem Hrsg.
856 ## - LOKALIZACJA I DOSTĘP DO ELEKTRONICZNYCH DOKUMENTÓW ZDALNYCH
Link (URL) http://koha.tu.koszalin.pl/cgi-bin/koha/opac-detail.pl?biblionumber=50564
Tekst linku Katalog online BPK
942 ## - DODATKOWE ELEMENTY (KOHA)
Typ dokumentu Książka
Egzemplarze
Wycofany Status egzemplarza Uszkodzony Dostępność Lokalizacja stała Lokalizacja bieżąca Miejsce przechowywania Sygnatura Kod kreskowy Typ dokumentu
      Dostępny Biblioteka Politechniki Koszalińskiej Biblioteka Politechniki Koszalińskiej Wypożyczalnia Językowa N 541 01580211 Książka
© 2023 Biblioteka Politechniki Koszalińskiej :: KOHA